Soil mechanics and foundation engineering (Record no. 36547)

MARC details
000 -LEADER
fixed length control field 00326nam a2200121Ia 4500
082 ## - DEWEY DECIMAL CLASSIFICATION NUMBER
Classification number 55(035)
Item number RAM
100 ## - MAIN ENTRY--AUTHOR NAME
Personal name Chickanagappa, L S
245 #0 - TITLE STATEMENT
Title Soil mechanics and foundation engineering
260 ## - PUBLICATION, DISTRIBUTION, ETC. (IMPRINT)
Place of publication New Delhi
Name of publisher Oxford and IBH
Year of publication 1981
700 ## - ADDED ENTRY--PERSONAL NAME
Personal name Ramiah, B K
942 ## - ADDED ENTRY ELEMENTS (KOHA)
Koha item type Books
Holdings
Withdrawn status Lost status Damaged status Not for loan Home library Current library Date acquired Cost, normal purchase price Full call number Accession Number Koha item type
        RRII Library RRII Library 16/12/2021 64.50 55(035) RAM 16953 Books